000
00344nas a2200157 a 4500
001
84001
003
161296
005
20201118112047.0
008
||||||n9999 ||| || ||
245
0
_a
Time - Vol.159 No.25
260
_a
Estados Unidos :
562
_e
1
773
_0
21966
_a
Time
942
_c
SISS
999
_c
84001
_d
84001